[Event "Mittelfranken-chTB2a 1718"]
[Site "Mittelfranken"]
[Date "2018.04.22"]
[Round "8.1"]
[White "Planner, Joerg"]
[Black "Kirch, Dietmar"]
[Result "1/2-1/2"]
[WhiteElo "1990"]
[BlackElo "1977"]
[PlyCount "22"]
[EventDate "2017.10.08"]
[EventType "team-tourn"]
[EventRounds "9"]
[EventCountry "GER"]
[SourceTitle "EXT 2022"]
[Source "ChessBase"]
[SourceDate "2021.10.06"]
[SourceVersion "1"]
[SourceVersionDate "2021.10.06"]
[SourceQuality "1"]
[WhiteTeam "Heilsbronn"]
[BlackTeam "Buechenbach/Roth II"]
[WhiteTeamCountry "GER"]
[BlackTeamCountry "GER"]

1. d4 d5 2. Nf3 c6 3. g3 Nf6 4. Bg2 Nbd7 5. 0-0 e6 6. b3 Bd6 7. Bb2 0-0 8. Nbd2 a5 9. a3 Qe7 10. Ne5 Bxe5 11. dxe5 Ng4 1/2-1/2

[Event "Mittelfranken-chTB2a 1617"]
[Site "Mittelfranken"]
[Date "2017.05.14"]
[Round "9.1"]
[White "Planner, Joerg"]
[Black "Pfitzinger, Leonhard"]
[Result "1-0"]
[WhiteElo "1973"]
[BlackElo "1894"]
[PlyCount "101"]
[EventDate "2016.10.23"]
[EventType "team-tourn"]
[EventRounds "9"]
[EventCountry "GER"]
[SourceTitle "EXT 2022"]
[Source "ChessBase"]
[SourceDate "2021.10.06"]
[SourceVersion "1"]
[SourceVersionDate "2021.10.06"]
[SourceQuality "1"]
[WhiteTeam "Heilsbronn"]
[BlackTeam "Bad Windsheim/Ansbach"]
[WhiteTeamCountry "GER"]
[BlackTeamCountry "GER"]

1. d4 Nf6 2. c4 g6 3. Nf3 d5 4. cxd5 Nxd5 5. g3 Bg7 6. Bg2 0-0 7. 0-0 c6 8. h3 Qb6 9. e4 Nf6 10. Nc3 Rd8 11. Qe2 Qa6 12. Qc2 b5 13. Rd1 Bb7 14. Be3 Nbd7 15. b4 Qb6 16. Rac1 a5 17. a3 Qa6 18. Ra1 Nb6 19. Nd2 a4 20. e5 Nfd5 21. Nce4 Rac8 22. g4 Qa8 23. Nc5 Rc7 24. Rac1 Bc8 25. Re1 e6 26. g5 Bf8 27. Nce4 Bb7 28. Qd1 Nxe3 29. fxe3 h6 30. Nf6+ Kh8 31. gxh6 Bxh6 32. Qg4 Kg7 33. h4 Nd5 34. Bxd5 exd5 35. Qg3 Bc8 36. Nh5+ Kh7 37. Nf6+ Kg7 38. Rf1 Re7 39. Rf2 Be6 40. Nf1 Kh8 41. Rfc2 Rc7 42. Nh2 Qc8 43. Nhg4 Bg7 44. Qf4 Bf8 45. h5 Bxg4 46. hxg6 fxg6 47. Nxg4 g5 48. Rh2+ Rh7 49. Rxh7+ Kxh7 50. Qf7+ Bg7 51. Nf6+ 1-0

[Event "Mittelfranken-chTB2a 1516"]
[Site "Mittelfranken"]
[Date "2016.04.03"]
[Round "8.1"]
[White "Shen, Julian"]
[Black "Planner, Joerg"]
[Result "0-1"]
[WhiteElo "1803"]
[BlackElo "1941"]
[PlyCount "76"]
[EventDate "2015.10.18"]
[EventType "team-tourn"]
[EventRounds "9"]
[EventCountry "GER"]
[SourceTitle "EXT 2020"]
[Source "ChessBase"]
[SourceDate "2019.10.17"]
[SourceVersion "1"]
[SourceVersionDate "2019.10.17"]
[SourceQuality "1"]
[WhiteTeam "Rothenburg II"]
[BlackTeam "Heilsbronn"]
[WhiteTeamCountry "GER"]
[BlackTeamCountry "GER"]

1. e4 c5 2. Nf3 Nc6 3. d4 cxd4 4. Nxd4 Nf6 5. Nc3 e5 6. Ndb5 d6 7. Nd5 Nxd5 8. exd5 Nb8 9. c4 Be7 10. Bd3 a6 11. Nc3 0-0 12. 0-0 f5 13. f3 Bf6 14. Qc2 g6 15. Bh6 Rf7 16. Be3 Nd7 17. a4 b6 18. a5 bxa5 19. Qa4 Rb8 20. Rfb1 Nc5 21. Bxc5 dxc5 22. Qxa5 Qf8 23. Na4 e4 24. fxe4 fxe4 25. Bxe4 Rb4 26. d6 Qxd6 27. Bd5 Bd8 28. Bxf7+ Kxf7 29. Rf1+ Kg7 30. Nb6 Bxb6 31. Qa3 Bc7 32. g3 Qd4+ 33. Rf2 Bb7 34. Re1 Be5 35. Qa1 Qd6 36. Rxe5 Qxe5 37. Qf1 Qd4 38. Qe2 Be4 0-1

[Event "Mittelfranken-ch HT"]
[Site "Nuremberg"]
[Date "2015.04.02"]
[Round "6"]
[White "Brenner, Christian"]
[Black "Planner, Joerg"]
[Result "1/2-1/2"]
[WhiteElo "2049"]
[BlackElo "1847"]
[PlyCount "106"]
[EventDate "2015.03.31"]
[EventType "swiss"]
[EventRounds "9"]
[EventCountry "GER"]
[SourceTitle "EXT 2016"]
[Source "ChessBase"]
[SourceDate "2015.10.08"]
[SourceVersion "1"]
[SourceVersionDate "2015.10.08"]
[SourceQuality "1"]

1. e4 c5 2. Nf3 Nc6 3. Bb5 e6 4. 0-0 Nge7 5. b3 a6 6. Bxc6 Nxc6 7. Bb2 d6 8. d3 e5 9. Nc3 Be7 10. Nd5 0-0 11. h3 f5 12. c3 Be6 13. Qe2 Bxd5 14. exd5 Nb8 15. Rfe1 Bf6 16. Rab1 Nd7 17. c4 h6 18. Nd2 Kh7 19. Nf1 g6 20. a3 a5 21. Qc2 Bg7 22. Bc3 Qc7 23. Nd2 Nf6 24. Nf3 b5 25. a4 b4 26. Bb2 Qd7 27. Re2 Rae8 28. Rbe1 Ng8 29. d4 exd4 30. Re6 Nf6 31. Nh4 Rxe6 32. dxe6 Qe7 33. Nxf5 gxf5 34. Qxf5+ Kg8 35. Bc1 Nh7 36. Qg4 Kh8 37. Bf4 Re8 38. Qg6 Nf6 39. Bxh6 Bxh6 40. Qxh6+ Nh7 41. f4 Qf6 42. Qxf6+ Nxf6 43. g4 d3 44. f5 Ne4 45. Rd1 d2 46. Kg2 Kg7 47. Kf3 Ng5+ 48. Ke3 Rh8 49. Kxd2 Rxh3 50. Kc2 Rh2+ 51. Kc1 Ne4 52. e7 Nc3 53. e8N+ Kf8 1/2-1/2

[Event "Mittelfranken-ch HT"]
[Site "Nuremberg"]
[Date "2015.03.31"]
[Round "1"]
[White "Seibold, Hubert"]
[Black "Planner, Joerg"]
[Result "1-0"]
[WhiteElo "2168"]
[BlackElo "1847"]
[PlyCount "173"]
[EventDate "2015.03.31"]
[EventType "swiss"]
[EventRounds "9"]
[EventCountry "GER"]
[SourceTitle "EXT 2016"]
[Source "ChessBase"]
[SourceDate "2015.10.08"]
[SourceVersion "1"]
[SourceVersionDate "2015.10.08"]
[SourceQuality "1"]

1. Nf3 Nf6 2. g3 d5 3. Bg2 c5 4. 0-0 Nc6 5. d3 e6 6. Nbd2 Be7 7. e4 0-0 8. Re1 Qb6 9. b3 Rd8 10. Bb2 Qc7 11. Qe2 b5 12. exd5 Nxd5 13. Ne4 b4 14. Ned2 Bf6 15. Bxf6 Nxf6 16. Nc4 Bb7 17. Nfe5 Nd4 18. Qd1 Nd5 19. Qd2 Nc3 20. Re3 Bxg2 21. Kxg2 f6 22. Nf3 Qc6 23. a3 a5 24. g4 Nxf3 25. Rxf3 Ne4 26. Qe3 Ng5 27. a4 Rd4 28. Kg3 Nxf3 29. Qxf3 Qxf3+ 30. Kxf3 Kf7 31. Kg3 e5 32. f3 g6 33. Re1 h5 34. g5 Re8 35. gxf6 Kxf6 36. Nxa5 g5 37. Nc4 g4 38. Nd2 Kg5 39. Ne4+ Rxe4 40. Rxe4 gxf3 41. Kxf3 Kf5 42. Rh4 Rf8 43. Ke3 Rh8 44. Rc4 Rc8 45. a5 Ke6 46. Rh4 Kd5 47. Rxh5 Ra8 48. Rh4 Rxa5 49. Rc4 Ra1 50. h4 Rf1 51. Ke2 Rf5 52. Rg4 Ke6 53. Rg6+ Kd5 54. Ke3 Rh5 55. Rg4 Rf5 56. Rg5 Rf1 57. h5 Rh1 58. Kf3 Kd4 59. Kg2 Rh4 60. Kg3 Rh1 61. Rg4+ Ke3 62. Rh4 Rg1+ 63. Kh2 Kf2 64. Re4 Rg5 65. Kh3 Rxh5+ 66. Kg4 Rh8 67. Rxe5 Rg8+ 68. Kf4 Rf8+ 69. Ke4 Ke2 70. Rxc5 Kd2 71. d4 Re8+ 72. Kd5 Re3 73. Rc4 Rh3 74. Rxb4 Kxc2 75. Rb8 Rh4 76. Kc5 Rh5+ 77. d5 Kc3 78. Kc6 Kd4 79. d6 Rc5+ 80. Kb6 Rd5 81. Kc7 Rc5+ 82. Kd7 Rh5 83. b4 Rh7+ 84. Kc6 Rh5 85. d7 Rh6+ 86. Kc7 Rh7 87. Kc8 1-0

[Event "Mittelfranken-chTB2a 1314"]
[Site "Mittelfranken"]
[Date "2014.05.04"]
[Round "9.1"]
[White "Beesk, Kevin"]
[Black "Planner, Joerg"]
[Result "1-0"]
[WhiteElo "2011"]
[BlackElo "1941"]
[PlyCount "101"]
[EventDate "2013.10.20"]
[EventType "team-tourn"]
[EventRounds "9"]
[EventCountry "GER"]
[SourceTitle "EXT 2020"]
[Source "ChessBase"]
[SourceDate "2019.10.17"]
[SourceVersion "1"]
[SourceVersionDate "2019.10.17"]
[SourceQuality "1"]
[WhiteTeam "Neumarkt II"]
[BlackTeam "Heilsbronn"]
[WhiteTeamCountry "GER"]
[BlackTeamCountry "GER"]

1. Nc3 d5 2. e4 d4 3. Nce2 e5 4. Ng3 Be6 5. Nf3 f6 6. c3 d3 7. Nxe5 fxe5 8. Qh5+ Bf7 9. Qxe5+ Qe7 10. Qxe7+ Bxe7 11. Bxd3 Nd7 12. Bc2 Bg6 13. 0-0 0-0-0 14. f4 h5 15. d3 h4 16. Nh1 Ngf6 17. Nf2 Bc5 18. d4 Bb6 19. Bd2 c5 20. f5 Bh5 21. e5 Ng4 22. Nxg4 Bxg4 23. Bg5 Rde8 24. e6 Nf6 25. Bxf6 gxf6 26. d5 Bc7 27. Rae1 h3 28. g3 Rh5 29. Ba4 Re7 30. Bd1 Bxd1 31. Rxd1 Bd6 32. Rf3 Kd8 33. Kf2 Rg7 34. Ke3 Rgg5 35. Rdf1 Rg4 36. b3 b5 37. Rd1 Rh7 38. Rf2 Rc7 39. Kf3 Rg5 40. Ke4 a5 41. a3 a4 42. bxa4 Rg4+ 43. Rf4 Bxf4 44. gxf4 bxa4 45. Rb1 Rgg7 46. d6 Rc8 47. Kd5 Ra7 48. Rg1 Re7 49. Rg8+ Re8 50. Rxe8+ Kxe8 51. d7+ 1-0

[Event "Mittelfranken-chTB2a 1314"]
[Site "Mittelfranken"]
[Date "2013.10.20"]
[Round "1.1"]
[White "Planner, Joerg"]
[Black "Krauss, Hermann"]
[Result "0-1"]
[WhiteElo "1941"]
[BlackElo "1970"]
[PlyCount "83"]
[EventDate "2013.10.20"]
[EventType "team-tourn"]
[EventRounds "9"]
[EventCountry "GER"]
[SourceTitle "EXT 2020"]
[Source "ChessBase"]
[SourceDate "2019.10.17"]
[SourceVersion "1"]
[SourceVersionDate "2019.10.17"]
[SourceQuality "1"]
[WhiteTeam "Heilsbronn"]
[BlackTeam "Nuernberg NT V"]
[WhiteTeamCountry "GER"]
[BlackTeamCountry "GER"]

1. e4 e6 2. d4 d5 3. Nc3 dxe4 4. Nxe4 Nd7 5. Nf3 Ngf6 6. Nxf6+ Nxf6 7. Be2 Be7 8. Be3 0-0 9. 0-0 b6 10. Ne5 Bb7 11. Bf3 Bxf3 12. Qxf3 Qd5 13. Qe2 Rfd8 14. f4 c5 15. dxc5 Bxc5 16. Bxc5 Qxc5+ 17. Kh1 Rac8 18. c3 g6 19. Rad1 Nd5 20. Rd4 Ne7 21. Rfd1 Rxd4 22. Rxd4 Qxd4 23. Qf3 Qd5 24. Qf1 Rd8 25. Nf3 Qd1 26. Ne1 Nf5 27. g4 Ne3 28. Qg1 Qxe1 29. Qxe1 Rd1 30. Qxd1 Nxd1 31. b3 Nxc3 32. a4 a5 33. Kg2 Ne2 34. Kf3 Nd4+ 35. Ke4 Nxb3 36. Ke5 Nc5 37. Kf6 Nxa4 38. Kg5 b5 39. Kh6 b4 40. h4 b3 41. h5 gxh5 42. g5 0-1

[Event "Mittelfranken-chTB2a 1213"]
[Site "Germany"]
[Date "2013.04.21"]
[Round "9.1"]
[White "Planner, Joerg"]
[Black "Pfitzinger, Leonhard"]
[Result "1-0"]
[WhiteElo "1847"]
[BlackElo "1954"]
[PlyCount "83"]
[EventDate "2012.10.07"]
[EventType "team-tourn"]
[EventRounds "9"]
[EventCountry "GER"]
[SourceTitle "EXT 2019"]
[Source "ChessBase"]
[SourceDate "2018.10.10"]
[SourceVersion "1"]
[SourceVersionDate "2018.10.10"]
[SourceQuality "1"]
[WhiteTeam "Heilsbronn"]
[BlackTeam "Bad Windsheim"]
[WhiteTeamCountry "GER"]
[BlackTeamCountry "GER"]

1. e4 d6 2. d4 Nf6 3. Nc3 g6 4. f3 Nbd7 5. Be3 c6 6. Qd2 Qa5 7. Nge2 b5 8. Nc1 Qc7 9. Nd3 Nb6 10. b3 Bd7 11. Be2 h5 12. 0-0 Bg7 13. a4 bxa4 14. Nxa4 0-0 15. Nc3 Rfc8 16. Rac1 a5 17. Qe1 a4 18. Nxa4 Nxa4 19. bxa4 Rxa4 20. c4 Be8 21. Kh1 Bd7 22. Qd2 Qa5 23. Rfd1 Ra8 24. Qxa5 R8xa5 25. h4 Ra2 26. Bf1 Ne8 27. Rb1 Ra7 28. Rb8 Kh7 29. c5 Nc7 30. cxd6 exd6 31. d5 c5 32. Bf4 Ne8 33. e5 dxe5 34. Nxe5 Bxe5 35. Bxe5 f6 36. Bc3 Kg7 37. Re1 Ra8 38. Rxa8 Rxa8 39. Re7+ Kf8 40. Rxd7 Ra3 41. Bd2 Ra4 42. Bb5 1-0

[Event "Mittelfranken-chTB2a 1213"]
[Site "Germany"]
[Date "2012.12.16"]
[Round "5.2"]
[White "Witt, Alfred"]
[Black "Planner, Joerg"]
[Result "1/2-1/2"]
[WhiteElo "1865"]
[BlackElo "1847"]
[PlyCount "165"]
[EventDate "2012.10.07"]
[EventType "team-tourn"]
[EventRounds "9"]
[EventCountry "GER"]
[SourceTitle "EXT 2019"]
[Source "ChessBase"]
[SourceDate "2018.10.10"]
[SourceVersion "1"]
[SourceVersionDate "2018.10.10"]
[SourceQuality "1"]
[WhiteTeam "Ansbach"]
[BlackTeam "Heilsbronn"]
[WhiteTeamCountry "GER"]
[BlackTeamCountry "GER"]

1. e4 c5 2. Ne2 Nc6 3. d4 cxd4 4. Nxd4 Nf6 5. Nc3 e5 6. Nf3 Bb4 7. Bd3 d5 8. exd5 Nxd5 9. Bd2 Bxc3 10. bxc3 Be6 11. Ng5 Qe7 12. 0-0 h6 13. Nxe6 Qxe6 14. Rb1 Qd7 15. Qf3 Nde7 16. Rfd1 Qc7 17. Qg3 g6 18. f4 0-0-0 19. a4 Nd5 20. f5 Nce7 21. c4 Nf4 22. f6 Rxd3 23. Qg4+ Qd7 24. Qxd7+ Rxd7 25. fxe7 Rxe7 26. Re1 Rd7 27. Be3 a6 28. Rb6 Rc7 29. Reb1 h5 30. g3 Ne6 31. c3 Re8 32. a5 Nd8 33. c5 Re6 34. R6b2 Rec6 35. Rd2 Rd7 36. Rxd7 Kxd7 37. Rd1+ Kc8 38. Kg2 Ne6 39. Rd5 f6 40. h4 Nc7 41. Rd1 Ne8 42. Kf3 Rc7 43. Ke4 Rd7 44. Rb1 Re7 45. Rb6 Rc7 46. Kd5 Kd7 47. Bh6 Ke7 48. c6 bxc6+ 49. Rxc6 Rb7 50. Rb6 Rd7+ 51. Kc6 Rc7+ 52. Kd5 Rxc3 53. Rb7+ Nc7+ 54. Ke4 Rc4+ 55. Kf3 Rc6 56. Be3 Kd7 57. Rb8 Nd5 58. Bb6 Nxb6 59. axb6 Rc8 60. Rb7+ Kc6 61. Rg7 Kxb6 62. Rxg6 Rc6 63. g4 hxg4+ 64. Rxg4 Kc5 65. h5 Kd5 66. h6 f5 67. Rh4 Rc8 68. Ra4 Ra8 69. Ra5+ Ke6 70. h7 Kf7 71. Rxe5 Kg6 72. Kf4 Kxh7 73. Kxf5 a5 74. Re7+ Kh6 75. Re3 Kg7 76. Ke4 Kf6 77. Kd5 Kf5 78. Rf3+ Kg4 79. Ra3 Rf8 80. Kc4 Rf5 81. Kb3 Kf4 82. Ka4 Ke4 83. Rb3 1/2-1/2

[Event "Mittelfranken-chTB1 1112"]
[Site "Germany"]
[Date "2012.01.15"]
[Round "5.3"]
[White "Planner, Joerg"]
[Black "Sargin, Anatol"]
[Result "1-0"]
[WhiteElo "1816"]
[BlackElo "2104"]
[PlyCount "59"]
[EventDate "2011.09.25"]
[EventType "team-tourn"]
[EventRounds "9"]
[EventCountry "GER"]
[SourceTitle "EXT 2013"]
[Source "ChessBase"]
[SourceDate "2012.11.22"]
[SourceVersion "1"]
[SourceVersionDate "2012.11.22"]
[SourceQuality "1"]
[WhiteTeam "Heilsbronn"]
[BlackTeam "Nuernberg NT III"]
[WhiteTeamCountry "GER"]
[BlackTeamCountry "GER"]

1. e4 e6 2. d4 d5 3. Nc3 Bb4 4. a3 Bxc3+ 5. bxc3 dxe4 6. Qg4 Nf6 7. Qxg7 Rg8 8. Qh6 c5 9. Ne2 Nc6 10. dxc5 Rg6 11. Qe3 e5 12. Ng3 Qa5 13. Bb2 Bg4 14. f3 exf3 15. gxf3 Be6 16. 0-0-0 Nd5 17. Rxd5 Bxd5 18. c4 Be6 19. Bd3 0-0-0 20. Bxg6 hxg6 21. Ne4 b6 22. f4 bxc5 23. fxe5 Nd4 24. Nd6+ Kc7 25. Rd1 Nf5 26. Qf3 Qb6 27. Bc3 Rb8 28. Nb5+ Kc8 29. Ba5 Nd4 30. Rxd4 1-0

[Event "Mittelfranken-chTB1 1011"]
[Site "Germany"]
[Date "2010.12.05"]
[Round "4.8"]
[White "Klein, Waldemar"]
[Black "Planner, Joerg"]
[Result "0-1"]
[WhiteElo "1942"]
[BlackElo "1706"]
[PlyCount "116"]
[EventDate "2010.09.26"]
[EventType "team-tourn"]
[EventRounds "9"]
[EventCountry "GER"]
[SourceTitle "EXT 2012"]
[Source "ChessBase"]
[SourceDate "2011.11.24"]
[SourceVersion "1"]
[SourceVersionDate "2011.11.24"]
[SourceQuality "1"]
[WhiteTeam "Nuernberg Sued SW II"]
[BlackTeam "Heilsbronn"]
[WhiteTeamCountry "GER"]
[BlackTeamCountry "GER"]

1. Nf3 Nf6 2. d4 d5 3. Bg5 g6 4. Bxf6 exf6 5. e3 c6 6. Bd3 Bd6 7. Nbd2 f5 8. c4 Be6 9. Qb3 b6 10. cxd5 Bxd5 11. Bc4 Bxc4 12. Nxc4 0-0 13. 0-0 Be7 14. Rfd1 Qd5 15. Rac1 Nd7 16. Qc3 f6 17. Ncd2 Rac8 18. b4 Rfd8 19. Ne1 Nf8 20. Nb3 Ne6 21. Nd3 g5 22. Qc4 Qd7 23. h4 Kh8 24. hxg5 Nxg5 25. Nf4 Bd6 26. f3 Rg8 27. Kf2 Bxf4 28. exf4 Ne6 29. g3 b5 30. Qd3 Qg7 31. Rg1 Rcd8 32. Rxc6 Nxf4 33. Qxf5 Nd5 34. Nc5 Ne7 35. Qxf6 Nxc6 36. Qxc6 Qxd4+ 37. Kg2 Rd6 38. Qxb5 Rxg3+ 39. Kxg3 Qxg1+ 40. Kf4 Rf6+ 41. Ke4 Qe1+ 42. Kd5 Qd2+ 43. Qd3 Qxd3+ 44. Nxd3 Rxf3 45. Ke4 Rf6 46. a4 Kg7 47. Nf4 Kf7 48. b5 Ke8 49. Ke5 Rb6 50. Nd5 Kd8 51. Kf5 Kc8 52. Nc3 Rg6 53. a5 Rg3 54. Ne4 Ra3 55. a6 Kc7 56. Nd2 Ra5 57. Kg5 Rxb5+ 58. Kh6 Rd5 0-1

[Event "GER-ch U16"]
[Site "Oberhof"]
[Date "2010.05.23"]
[Round "1"]
[White "Planner, Joerg"]
[Black "Goebel, Constantin"]
[Result "0-1"]
[WhiteElo "1696"]
[BlackElo "2011"]
[PlyCount "84"]
[EventDate "2010.05.22"]
[EventType "swiss"]
[EventRounds "9"]
[EventCountry "GER"]
[SourceTitle "CBM 136 Extra"]
[Source "ChessBase"]
[SourceDate "2010.07.02"]
[SourceVersion "2"]
[SourceVersionDate "2010.07.15"]
[SourceQuality "1"]

1. e4 c5 2. c3 e6 3. d4 d5 4. exd5 exd5 5. Be3 cxd4 6. Bxd4 Nc6 7. Nf3 Bg4 8. Be2 Nge7 9. 0-0 Nf5 10. Re1 Be7 11. Nbd2 0-0 12. h3 Bh5 13. Qb3 Rb8 14. Be5 Nxe5 15. Nxe5 Bxe2 16. Rxe2 Bc5 17. Ndf3 Ng3 18. Ree1 Ne4 19. Nd3 Bb6 20. Rad1 Qd6 21. Kf1 Rbd8 22. Re2 Rfe8 23. Qc2 Qc6 24. Rde1 Rf8 25. Nb4 Qc5 26. Nxd5 Ng3+ 27. fxg3 Rxd5 28. Re5 Rxe5 29. Rxe5 Qc4+ 30. Qe2 Qxa2 31. Re7 Qb1+ 32. Ne1 Qf5+ 33. Qf3 Qc5 34. Re4 f5 35. Rd4 Qb5+ 36. Rd3 Qxb2 37. Rd5 Qb3 38. Rxf5 Qc4+ 39. Nd3 Rd8 40. Ke2 Qxc3 41. Rd5 Re8+ 42. Kd1 Qb3+ 0-1